Naruto Clans Ranked by ChatGPT - Statistics

General Stats
  • This quiz has been taken 254 times
  • The average score is 9 of 15
Answer Stats
Hint Answer % Correct
#2 (red eyes) Uchiha
98%
#5 (white eyes) Hyuga
90%
#3 (wood style) Senju
89%
#4 (spiral) Uzumaki
87%
#1 (aliens) Otsutsuki
75%
#13 (shadows) Nara
68%
#12 (insects) Aburame
65%
#14 (mind) Yamanaka
61%
#11 (supersized) Akimichi
52%
#15 (dogs) Inuzuka
52%
#6 (bone manipulation) Kaguya
48%
#7 (water gun) Hozuki
29%
#8 (sand) Kazekage
24%
#9 (ice release) Yuki
19%
#10 (idk try to guess) Sarutobi
18%
No matching quizzes found
Score Distribution
Percent of People with Each Score
Percentile by Number Answered
Your Score History
You have not taken this quiz